"Bibliografía sobre la financiación del desarrollo latinoamericano y la transformación de la economia mundial". (Record no. 34178)
[ view plain ]
| 000 -CABECERA | |
|---|---|
| campo de control de longitud fija | 00497nam a2200133 a 4500 |
| 001 - NÚMERO DE CONTROL | |
| campo de control | 000034687 |
| 005 - FECHA Y HORA DE LA ÚLTIMA TRANSACCIÓN | |
| campo de control | 20200930073836.0 |
| 008 - DATOS DE LONGITUD FIJA--INFORMACIÓN GENERAL | |
| campo de control de longitud fija | 111018s2004 pe 000 0 spa d |
| 040 ## - FUENTE DE LA CATALOGACIÓN | |
| Centro catalogador/agencia de origen | DO-SdBNP |
| Lengua de catalogación | spa |
| Centro/agencia transcriptor | BNPHU |
| 082 ## - NÚMERO DE LA CLASIFICACIÓN DECIMAL DEWEY | |
| Número de clasificación | xxxx |
| Número de documento/Ítem | B582 |
| 245 00 - MENCIÓN DE TÍTULO | |
| Título | "Bibliografía sobre la financiación del desarrollo latinoamericano y la transformación de la economia mundial". |
| 260 ## - PUBLICACIÓN, DISTRIBUCIÓN, ETC. | |
| Lugar de publicación, distribución, etc. | Lima : |
| Nombre del editor, distribuidor, etc. | Secretaría general de ALIDE, Departamento Técnico , Centro de Documentación, |
| Fecha de publicación, distribución, etc. | s. f. |
| 300 ## - DESCRIPCIÓN FÍSICA | |
| Extensión | 85 p. ; |
| Dimensiones | 21 cm. |
| Estado de retiro | Estado de pérdida | Restricciones de uso | No para préstamo | Código de colección | Localización permanente | Ubicación/localización actual | Ubicación en estantería | Fecha de adquisición | Número de inventario | Total de préstamos | Signatura topográfica completa | Código de barras | Fecha visto por última vez | Precio válido a partir de | Tipo de ítem Koha |
|---|---|---|---|---|---|---|---|---|---|---|---|---|---|---|---|
| Excluido de préstamo | Monografías: Libros y Folletos | General | General | Depósito | 18.10.2011 | LF1 | xxxx B582 | 34687-10 | 25.06.2020 | 25.06.2020 | No se presta |
